02369nkc a2200337za 450000100060000000300040000600500170001000700070002700800410003404000240007510000330009924500730013226000240020530001000022950002220032950001930055150000650074450001340080950001690094350400520111250500660116451001510123051002100138156101300159161000440172165100190176565500320178470000530181685200120186985601500188184718OSt20260324161735.0kh boc250410s19101911sp ||||| ||||||0| i|spa d aM-RABAbspacM-RABA1 aElorza, Lorenzod(1861-1931)10aVitoriab: Nuestra Señora de la Esclavitud en la Catedralc/ L. E. c[ca. 1910 – 1911] a1 fotografía b: gelatina de plata c; imagen 12 x 17 cmc; soporte secundario 21,5 x 26,5 cm aVista de la talla mariana de Nuestra Señora de la Esclavitud de la capilla central de la girola de la catedral de Santa María en Vitoria. Se trata de una Virgen sedente con manzana y niño con libro bendiciendo.  aFotografía montada sobre soporte secundario de cartulina azul enmarcada con orla en relieve. Título y numeración manuscrita que hace referencia a la posición en la serie “163”. aSello con monograma del fotógrafo en tinta roja “L.E.” aFechas tomadas de la ejecución del positivo de las fotografías, incluido el soporte secundario. (Soto Madrazo, Javier. 2008). aForma parte de un conjunto de 167 fotografías empleadas por Federico Baráibar Zumárraga para la elaboración del Inventario del Románico en Álava (1911). aBaraibar, F.: "Rincones artísticos", M. 1914. aVitoria.- Ntra. Sra. de la Esclavitud en la Catedral. / L. E. aDescripción tomada de: Soto Madrazo, Javier (2008). Federico Baraibar y el Inventario del Románico en Álava: una caja con 167 fotografías. aEsta colección fue utilizada posteriormente por Cristóbal de Castro para la elaboración y publicación del "Catálogo Monumental de España: provincia de Álava", Madrid, S. de Rivadeneira, 1915. aDonadas junto con la memoria manuscrita a la Academia por el mismo Baraibar (Sesión 12 de febrero de 1912, Archivo: 4-32-1)27aCatedral de Vitoria (Álava, España) 7aÁlava2embne 0aFotografías de monumentos1 aBaráibar y Zumárraga, Federico d(1851-1918) jFot-272 3Fot-272uhttps://archivoybiblioteca.realacademiabellasartessanfernando.com/cgi-bin/koha/opac-retrieve-file.pl?id=1971696ae7f682af711f5ab6b3a617eb